000 00818nam a22002651 4500
001 134727
003 ES-MaACL
005 20230906194731.0
007 t|
008 070913s1974 sp ||||0| spa d
016 7 _zIND2000944914
017 _aB 4460-1974
040 _aM-BN
_bspa
_cCDM
080 _a576.8:616(02)
080 _a616:576.8(02)
100 1 _aWiesmann, Ernst.
_9116782
245 1 0 _aMicrobiología médica /
_cErnst Wiesmann ; [versión revisada por Julio R. Villanueva].
260 _aBarcelona :
_bSalvat,
_c[1974]
300 _aXVI, 340 p. :
_bil. ;
_c19 cm.
490 1 _aBiblioteca médica de bolsillo ;
_v4
650 0 4 _aMicrobiología médica.
_915025
830 0 _aBiblioteca médica de bolsillo ;
_v4
_9193543
852 _aES-MaACL
_jE-6666
_bR.90808
999 _c134727
_d134727